000 00613nam a2200229Ia 4500
003 OSt
005 20220923230332.0
006 a|||||r|||| 00| 0
007 ta
008 Pun
024 _a279,544
037 _cTextual
040 _aARTS
_cARTS
_bPun
041 _2Pun
_aPun
082 _aO153,1NS01x, N1
100 _aਸੂਸ, ਜਸਪਾਲ ਸਿੰਘ
245 0 _aਚੁੱਪ ਦੀ ਆਵਾਗ਼
260 _c1991
650 _aਪੰਜਾਬੀ ਸਾਹਿਤ
942 _hO153,1NS01x, N1
_cTEXL
_2CC
999 _c384047
_d384047